Score 0/48 Timer 05:00
0 Plays Today
Hint 4-Letter Word % Correct
Dog vocalizationBARK
95.9%
Large farm buildingBARN
95.7%
41st or 43rd US presidentBUSH
93.8%
Jackman, Laurie, or Downs, e.g.HUGH
93.7%
Head and shoulders statuetteBUST
93.2%
Reynolds, Lancaster, or Ward, e.g.BURT
92.7%
♫ ____, 1974 [consume by fire] ♫BURN
92.6%
♫ Knocking At Your ____ Door, 1984 ♫BACK
92.1%
Hit the car hornHONK
92.1%
♫ Comin’ ____, 1975 ♫HOME
91.5%
Perceive with earsHEAR
90.8%
♫ ____, 1968 [quiet down!] ♫HUSH
90.5%
Moving air currentWIND
90.1%
Sharpen, refineHONE
89.3%
♫ River Deep-Mountain ____, 1968 ♫HIGH
88.6%
Eyes, nose, mouth locationHEAD
88.5%
Athletic guyJOCK
87.3%
Bench, chair, or pewSEAT
86.8%
♫ Call of the ____, 1987 ♫WILD
86.8%
Pawn an itemHOCK
85.8%
Rubber part of wheel (US sp.)TIRE
85.6%
Avian appendageWING
85.5%
Large, heavy bookTOME
85.5%
♫ ____ Ruby, 1998 ♫JACK
84.3%
Hint 4-Letter Word % Correct
Char outer surfaceSEAR
84.1%
Cattle assemblageHERD
84%
♫ Child in ____, 1970 ♫TIME
83.1%
Immediately! (in medical field)STAT
81.3%
♫ THE BAND: ____ Purple ♫DEEP
81.1%
Udder nippleTEAT
81.1%
♫ You ____ On Moving, 1975 ♫KEEP
80%
♫ ____ a Blind Man Cries, 1972 ♫WHEN
79.7%
Second journalistic questionWHAT
77.4%
♫ Highway ____, 1972 ♫STAR
76.7%
Stimulate appetite, desireWHET
74.9%
♫ Any Fule Kno ____, 1998 ♫THAT
71.1%
Intellectually alert, quickKEEN
69.5%
♫ ____ Lovin’ Man, 1970 ♫HARD
69.1%
♫ ____ in the Basement, 1990 ♫FIRE
67.4%
♫ Fault ____, 1969 ♫LINE
66.6%
Wally and Beaver's dadWARD
65.7%
Archaic word for 'believe'WEEN
63.9%
♫ Might Just Take Your ____, 1974 ♫LIFE
63.7%
1967 Nobel Prize winner GeorgeWALD
62.6%
Small, shrill fluteFIFE
60.6%
♫ Strange ____ of Woman, 1970 ♫KIND
55%
Swedish opera singer JennyLIND
54.3%
♫ ____ Of Dreams, 1990 ♫KING
52.4%

Today's Daily Dose

You're not logged in!

Compare scores with friends on all Sporcle quizzes.
OR
Log In

Sporcle TV

Today on Sporcle TV


Watch our educational content, quiz creation guides, and fun videos on Sporcle TV.

Show Comments

Extras

Top Quizzes Today


Score Distribution

Your Account Isn't Verified!

In order to create a playlist on Sporcle, you need to verify the email address you used during registration. Go to your Sporcle Settings to finish the process.

Report this User

Report this user for behavior that violates our Community Guidelines.

Details: